Loading...

Vaidekdhatvarthavichar/

Bibliografiske detaljer
Hovedforfatter: Satyadevnigamalankar Chaturvedi
Andre forfattere: Naresh Kumar (ed.)
Format: Printed Book
Udgivet: Newdelhi: Pratibha Prakashan, 2012.
Fag:
LEADER 00612nam a22001697a 4500
020 |a 9788177022988 
082 |a S 491.25  |b SAT/V 
100 |a Satyadevnigamalankar Chaturvedi  |9 34602 
245 |a Vaidekdhatvarthavichar/  |c by Satyadevnigamalankar Chaturvedi 
260 |a Newdelhi:  |b Pratibha Prakashan,  |c 2012. 
300 |a 253p. 
650 |a Grammar Sanskrit  |9 34603 
650 |a Language  |9 34604 
700 |a Naresh Kumar (ed.)  |9 34605 
942 |c BK 
999 |c 70266  |d 70266 
952 |0 0  |1 0  |4 0  |6 S_491_250000000000000_SAT_V  |7 0  |9 90777  |a SSUS  |b SSUS  |c STACKS  |d 2018-02-16  |g 750.00  |o S 491.25 SAT/V  |p 087577  |r 2018-02-16  |w 2018-02-16  |y BK